[Event "9th NATO Chess Championship"]
[Site "Portsmouth"]
[Date "1998.10.05"]
[Round "1"]
[White "Vercauteren, Daniel"]
[Black "Schmidt, (DEN)."]
[Result "0-1"]
[WhiteElo "1690"]
[BlackElo "2043"]
[PlyCount "72"]
[EventDate "1998.10.??"]
[EventType "swiss"]
[EventRounds "7"]
[EventCountry "ENG"]
[SourceDate "2005.09.12"]

1. e4 c5 2. Nf3 d6 3. d4 cxd4 4. Nxd4 Nf6 5. Nc3 g6 6. Be3 Bg7 7. Be2 Nc6 8.
O-O O-O 9. Rb1 Bd7 10. f4 Qc8 11. h3 Nxd4 12. Bxd4 Bc6 13. Qd3 Rd8 14. Qf3 Nxe4
15. Rbd1 Nd2 16. Qf2 Bxd4 17. Qxd4 Nxf1 18. Rxf1 Qf5 19. Bd3 Qc5 20. Qf2 Qxf2+
21. Rxf2 Kg7 22. Ne2 e5 23. f5 f6 24. Ng3 g5 25. Nh5+ Kf7 26. Bc4+ d5 27. Bb3
Bb5 28. Ng3 Bc4 29. Bxc4 dxc4 30. Ne4 Rd1+ 31. Rf1 Rxf1+ 32. Kxf1 Rd8 33. Ke2
Rd4 34. Nc5 b6 35. c3 bxc5 36. cxd4 cxd4 0-1

[Event "9th NATO Chess Championship"]
[Site "Portsmouth"]
[Date "1998.10.05"]
[Round "1"]
[White "Wantiez, Fabrice"]
[Black "Cadiou, Jacques"]
[Result "1-0"]
[WhiteElo "2299"]
[BlackElo "1970"]
[PlyCount "81"]
[EventDate "1998.10.??"]
[EventType "swiss"]
[EventRounds "7"]
[EventCountry "ENG"]
[SourceDate "2005.09.12"]

1. e4 e5 2. Nf3 Nc6 3. Bb5 a6 4. Ba4 d6 5. c3 Bd7 6. d3 Nge7 7. Bb3 h6 8. Nbd2
Ng6 9. Nf1 Be7 10. Ne3 Bg5 11. Nxg5 hxg5 12. Qf3 Nf4 13. g3 Rh3 14. Qd1 Ne6 15.
Nf5 Rh7 16. Bd2 Nc5 17. Bc2 d5 18. Be3 Bxf5 19. Bxc5 dxe4 20. dxe4 Qxd1+ 21.
Rxd1 Bg4 22. Rd2 Rd8 23. Rd5 Bf3 24. O-O f6 25. Re1 Rh8 26. Bb3 Na5 27. Rxd8+
Kxd8 28. Bd5 Nc6 29. b4 Kc8 30. a4 Nb8 31. Be6+ Kd8 32. Re3 g4 33. b5 axb5 34.
axb5 Ke8 35. Bf5 Nd7 36. Bg6+ Kd8 37. Rd3 Kc8 38. Bf5 Kb8 39. Rxd7 Be2 40. b6
cxb6 41. Bxb6 1-0

[Event "9th NATO Chess Championship"]
[Site "Portsmouth"]
[Date "1998.10.06"]
[Round "2"]
[White "Baudin, Frederic"]
[Black "Van Zandwijk, Jan Peter"]
[Result "0-1"]
[WhiteElo "2205"]
[BlackElo "2048"]
[PlyCount "58"]
[EventDate "1998.10.??"]
[EventType "swiss"]
[EventRounds "7"]
[EventCountry "ENG"]
[SourceDate "2005.09.12"]

1. e4 Nf6 2. e5 Nd5 3. d4 d6 4. c4 Nb6 5. f4 dxe5 6. fxe5 c5 7. d5 e6 8. Nc3
exd5 9. cxd5 c4 10. Nf3 Bg4 11. Be2 Bc5 12. Bf4 O-O 13. Qd2 Na6 14. a3 Rc8 15.
h3 Bxf3 16. Bxf3 Nd7 17. O-O-O b5 18. e6 Nf6 19. e7 Qxe7 20. Rhe1 Qd8 21. Nxb5
Qb6 22. Nc3 Bd6 23. Be3 Nc5 24. Bxc5 Qxc5 25. g4 Qa5 26. g5 Nd7 27. Ne4 c3 28.
Nxc3 Bxa3 29. Qc2 Rxc3 0-1

[Event "9th NATO Chess Championship"]
[Site "Portsmouth"]
[Date "1998.10.06"]
[Round "2"]
[White "Brameld, Arthur"]
[Black "Steffers, Hendrik"]
[Result "1/2-1/2"]
[WhiteElo "2115"]
[BlackElo "1864"]
[PlyCount "30"]
[EventDate "1998.10.??"]
[EventType "swiss"]
[EventRounds "7"]
[EventCountry "ENG"]
[SourceDate "2005.09.12"]

1. e4 c5 2. Nf3 e6 3. b3 d5 4. exd5 exd5 5. d4 Nf6 6. Bb2 Be7 7. Be2 O-O 8. O-O
Nc6 9. dxc5 Bxc5 10. Nc3 Be6 11. Nb5 Rc8 12. Nbd4 Ne4 13. Nxc6 Rxc6 14. Ne5 Rc8
15. Bf3 Qb6 1/2-1/2

[Event "9th NATO Chess Championship"]
[Site "Portsmouth"]
[Date "1998.10.06"]
[Round "2"]
[White "Cadiou, Jacques"]
[Black "Charles, Freddy"]
[Result "1-0"]
[WhiteElo "1970"]
[BlackElo "1789"]
[PlyCount "47"]
[EventDate "1998.10.??"]
[EventType "swiss"]
[EventRounds "7"]
[EventCountry "ENG"]
[SourceDate "2005.09.12"]

1. d4 d5 2. c4 c6 3. Nc3 e6 4. e3 Bd6 5. Nf3 Nf6 6. Bd3 Nbd7 7. O-O O-O 8. Qc2
dxc4 9. Bxc4 Re8 10. e4 e5 11. Ng5 Rf8 12. f4 exd4 13. Ne2 Qb6 14. Kh1 h6 15.
Nxf7 Rxf7 16. Bxf7+ Kxf7 17. Qc4+ Kf8 18. e5 Nxe5 19. fxe5 Bxe5 20. Bf4 Bxf4
21. Nxf4 Ke8 22. Rae1+ Kd8 23. Qf7 Qc7 24. Qf8+ 1-0

[Event "9th NATO Chess Championship"]
[Site "Portsmouth"]
[Date "1998.10.06"]
[Round "2"]
[White "Cappon, Kaan"]
[Black "Koopmeiners, Karl"]
[Result "1/2-1/2"]
[WhiteElo "1690"]
[BlackElo "1913"]
[PlyCount "66"]
[EventDate "1998.10.??"]
[EventType "swiss"]
[EventRounds "7"]
[EventCountry "ENG"]
[SourceDate "2005.09.12"]

1. e4 c6 2. d4 d5 3. Nc3 dxe4 4. Nxe4 Nd7 5. Bd3 Ngf6 6. Qe2 Nxe4 7. Bxe4 Nf6
8. Nf3 Bg4 9. h3 Bxf3 10. Qxf3 e6 11. Bg5 Be7 12. Bxf6 Bxf6 13. c3 O-O 14. h4
Qa5 15. h5 h6 16. Bc2 Rfe8 17. O-O e5 18. Qf5 Rad8 19. Rfe1 Qd5 20. Re2 e4 21.
Rxe4 Qxf5 22. Rxe8+ Rxe8 23. Bxf5 Re2 24. Rb1 Kf8 25. Kf1 Re7 26. g3 Ke8 27.
Re1 Rxe1+ 28. Kxe1 Ke7 29. Kd2 Kd6 30. Kd3 c5 31. dxc5+ Kxc5 32. b4+ Kc6 33. f4
b6 1/2-1/2

[Event "9th NATO Chess Championship"]
[Site "Portsmouth"]
[Date "1998.10.06"]
[Round "2"]
[White "Crapulli, Giuseppe"]
[Black "Schunke, (GER)."]
[Result "1/2-1/2"]
[WhiteElo "1900"]
[BlackElo "2035"]
[PlyCount "112"]
[EventDate "1998.10.??"]
[EventType "swiss"]
[EventRounds "7"]
[EventCountry "ENG"]
[SourceDate "2005.09.12"]

1. e4 d6 2. d4 Nf6 3. Nc3 g6 4. f4 Bg7 5. Nf3 c5 6. dxc5 Qa5 7. Bd3 Qxc5 8. Qe2
O-O 9. Be3 Qa5 10. O-O Nc6 11. Kh1 e5 12. fxe5 dxe5 13. Bc4 Bg4 14. h3 Nd4 15.
Bxd4 exd4 16. Nb5 Nh5 17. Qf2 Be6 18. Bd3 f5 19. exf5 Bxf5 20. Bc4+ Kh8 21. Nd6
Qc7 22. Nxf5 gxf5 23. Bd3 Ng3+ 24. Kg1 Nxf1 25. Rxf1 Qf4 26. Re1 Rae8 27. g3
Rxe1+ 28. Nxe1 Qe3 29. Qxe3 dxe3 30. b3 Bd4 31. Kg2 Kg7 32. Kf3 Kf6 33. Ng2 Rg8
34. Nf4 Ke5 35. Bc4 Re8 36. Bd3 Bb6 37. Ne2 Re7 38. a4 Rd7 39. Nf4 Re7 40. Ne2
Rd7 41. Nf4 a6 42. Ke2 Rg7 43. Kf3 Ba7 44. Ng2 h6 45. Nf4 Rd7 46. Ke2 Rd8 47.
Ng2 Re8 48. Kf3 Kf6 49. Nf4 Re5 50. Ne2 Ke7 51. Kf4 Ke6 52. Bc4+ Kf6 53. Kf3 b5
54. axb5 axb5 55. Bd3 b4 56. Bc4 Ra5 1/2-1/2

[Event "9th NATO Chess Championship"]
[Site "Portsmouth"]
[Date "1998.10.06"]
[Round "2"]
[White "Foulds, Andrew"]
[Black "Nielsen, K."]
[Result "1/2-1/2"]
[WhiteElo "1760"]
[BlackElo "1925"]
[PlyCount "54"]
[EventDate "1998.10.??"]
[EventType "swiss"]
[EventRounds "7"]
[EventCountry "ENG"]
[SourceDate "2005.09.12"]

1. d4 Nf6 2. c4 e6 3. Nc3 Bb4 4. Nf3 c5 5. g3 d5 6. Bg2 O-O 7. O-O Bxc3 8. bxc3
b6 9. Ne5 Bb7 10. Qc2 cxd4 11. cxd4 Nbd7 12. cxd5 Nxe5 13. dxe5 Nxd5 14. Rd1
Qb8 15. Ba3 Rc8 16. Qb2 a6 17. Bd6 Qa7 18. Rac1 Ne7 19. Bxe7 Bxg2 20. Rxc8+
Rxc8 21. Kxg2 Qxe7 22. Qxb6 Ra8 23. Rd6 g6 24. Qc6 Qf8 25. Qb7 a5 26. Ra6 Rxa6
27. Qxa6 Qd8 1/2-1/2

[Event "9th NATO Chess Championship"]
[Site "Portsmouth"]
[Date "1998.10.06"]
[Round "2"]
[White "Geberl, Hans Walter"]
[Black "Toll, Alec J"]
[Result "1-0"]
[WhiteElo "2100"]
[BlackElo "2100"]
[PlyCount "105"]
[EventDate "1998.10.??"]
[EventType "swiss"]
[EventRounds "7"]
[EventCountry "ENG"]
[SourceDate "2005.09.12"]

1. Nf3 f5 2. c4 Nf6 3. g3 g6 4. b3 Bg7 5. Bb2 d6 6. d4 c6 7. Bg2 O-O 8. O-O Qc7
9. Nbd2 Re8 10. Qc2 Nbd7 11. e4 Nxe4 12. Nxe4 fxe4 13. Qxe4 Nf6 14. Qe2 e5 15.
dxe5 Ng4 16. c5 Nxe5 17. Nxe5 dxe5 18. Rfd1 Bf5 19. Rd6 Rad8 20. Rad1 Rxd6 21.
Rxd6 Qe7 22. h3 Kh8 23. b4 a6 24. a4 Bc8 25. Kh2 Kg8 26. b5 axb5 27. axb5 cxb5
28. Qxb5 e4 29. Bd4 Bxd4 30. Rxd4 e3 31. Re4 Qxe4 32. Bxe4 Rxe4 33. fxe3 Rxe3
34. g4 Re6 35. Qd3 Rc6 36. Qd4 h6 37. Qe5 Kh7 38. Qe7+ Kg8 39. Kg3 Kh8 40. Qf8+
Kh7 41. h4 Rc7 42. Kf4 Be6 43. Qe8 Rf7+ 44. Ke5 Bb3 45. Kd6 Rg7 46. Qe4 Bg8 47.
h5 Bf7 48. Qxb7 gxh5 49. c6 hxg4 50. c7 g3 51. c8=Q g2 52. Qc2+ Rg6+ 53. Qxg6+
1-0

[Event "9th NATO Chess Championship"]
[Site "Portsmouth"]
[Date "1998.10.06"]
[Round "2"]
[White "Gross"]
[Black "De Cat, Ben"]
[Result "1-0"]
[WhiteElo "2340"]
[BlackElo "2075"]
[PlyCount "47"]
[EventDate "1998.10.??"]
[EventType "swiss"]
[EventRounds "7"]
[EventCountry "ENG"]
[SourceDate "2005.09.12"]

1. e4 g5 2. d4 h6 3. h4 g4 4. Qxg4 d5 5. Qe2 dxe4 6. Qxe4 Nf6 7. Qd3 Nc6 8. Be3
Qd6 9. a3 Bg4 10. Nc3 O-O-O 11. f3 Be6 12. O-O-O Nd5 13. Nxd5 Qxd5 14. c4 Qa5
15. d5 Bg7 16. Qc2 Bd7 17. Bd2 Qc5 18. dxc6 Bf5 19. Qb3 Rd6 20. Qxb7+ Kd8 21.
Nh3 Bd4 22. Qb8+ Bc8 23. Qb5 Bxb2+ 24. Qxb2 1-0

[Event "9th NATO Chess Championship"]
[Site "Portsmouth"]
[Date "1998.10.06"]
[Round "2"]
[White "Hamann, Carsten"]
[Black "Donati, Roberto"]
[Result "0-1"]
[WhiteElo "2148"]
[BlackElo "1900"]
[PlyCount "80"]
[EventDate "1998.10.??"]
[EventType "swiss"]
[EventRounds "7"]
[EventCountry "ENG"]
[SourceDate "2005.09.12"]

1. e4 e6 2. d4 d5 3. Nc3 Bb4 4. a3 Bxc3+ 5. bxc3 dxe4 6. Qg4 Nf6 7. Qxg7 Rg8 8.
Qh6 Rg6 9. Qd2 b6 10. Bb2 Bb7 11. O-O-O Nbd7 12. Ne2 Qe7 13. h3 O-O-O 14. c4
Rgg8 15. Qe3 c5 16. g4 cxd4 17. Nxd4 Nc5 18. Be2 a6 19. Rhe1 Nfd7 20. Kb1 f6
21. f3 exf3 22. Nxf3 e5 23. Nd4 Nb8 24. Nf5 Qe6 25. Qh6 Ne4 26. Qxh7 Rde8 27.
h4 Rh8 28. Qg7 Nc6 29. Qg6 Reg8 30. Ng7 Qe7 31. Qf5+ Kb8 32. Nh5 Nd4 33. Qf1
Rxh5 34. Bd3 Rxh4 35. Bxe4 Bxe4 36. Qf2 Bxc2+ 37. Kc1 Bxd1 38. Qxh4 Nf3 39.
Kxd1 Qd6+ 40. Kc1 Nxh4 0-1

[Event "9th NATO Chess Championship"]
[Site "Portsmouth"]
[Date "1998.10.06"]
[Round "2"]
[White "Hater, David"]
[Black "Hammond, Andrew JC"]
[Result "1/2-1/2"]
[WhiteElo "2050"]
[BlackElo "2280"]
[PlyCount "141"]
[EventDate "1998.10.??"]
[EventType "swiss"]
[EventRounds "7"]
[EventCountry "ENG"]
[SourceDate "2005.09.12"]

1. e4 c5 2. Nf3 e6 3. d4 cxd4 4. Nxd4 Nc6 5. Nc3 a6 6. Be2 Nge7 7. O-O Nxd4 8.
Qxd4 Nc6 9. Qd3 Qc7 10. Qg3 Qxg3 11. hxg3 Bc5 12. Bf4 b5 13. Rad1 f6 14. Bd6
Bxd6 15. Rxd6 Ra7 16. Rfd1 Rc7 17. f4 Na5 18. R1d2 Nc4 19. Bxc4 Rxc4 20. a3 Ke7
21. Kf2 g6 22. Ke3 f5 23. e5 g5 24. R2d4 gxf4+ 25. gxf4 Rxd4 26. Rxd4 Rg8 27.
Kf2 Bb7 28. g3 Rg6 29. Ne2 Rh6 30. Rd1 Be4 31. c3 Bd5 32. Ke3 Rh2 33. Rd2 Rg2
34. Rd1 Kf7 35. Rg1 Rh2 36. g4 fxg4 37. Rxg4 h5 38. Rg5 h4 39. f5 exf5 40.
Rxf5+ Ke8 41. Rf2 Rxf2 42. Kxf2 Kf7 43. Nf4 Bc6 44. b3 Kg7 45. c4 Kh6 46. e6
dxe6 47. Nxe6 bxc4 48. bxc4 Kh5 49. Nd4 Be4 50. c5 Kg4 51. c6 h3 52. c7 Bb7 53.
Nf3 Kf4 54. Nh2 Bc8 55. a4 Ke5 56. Nf3+ Kf4 57. Ng1 h2 58. Ne2+ Ke5 59. Kg2 Kd6
60. Kxh2 Kxc7 61. Kg2 Kb6 62. Kf2 Ka5 63. Nc3 Kb4 64. Ne4 Bd7 65. Ke3 Bxa4 66.
Kd4 Bc2 67. Nc5 a5 68. Na6+ Kb5 69. Nc5 Kb4 70. Na6+ Kb3 71. Nc5+ 1/2-1/2

[Event "9th NATO Chess Championship"]
[Site "Portsmouth"]
[Date "1998.10.06"]
[Round "2"]
[White "Horchner, Mark"]
[Black "Brokenshire, Laurie"]
[Result "1-0"]
[WhiteElo "2022"]
[BlackElo "1800"]
[PlyCount "120"]
[EventDate "1998.10.??"]
[EventType "swiss"]
[EventRounds "7"]
[EventCountry "ENG"]
[SourceDate "2005.09.12"]

1. e4 d5 2. exd5 Qxd5 3. Nc3 Qa5 4. d4 c6 5. Nf3 Nf6 6. Bd2 Qc7 7. Bc4 Bg4 8.
Qe2 e6 9. Bb3 Nbd7 10. h3 Bxf3 11. Qxf3 Bd6 12. O-O-O O-O-O 13. Rhe1 Nb6 14. g3
h6 15. Kb1 Kb8 16. Bc1 Ka8 17. Ne4 Nxe4 18. Qxe4 c5 19. dxc5 Bxc5 20. Qf3 Rd7
21. Bf4 Rxd1+ 22. Rxd1 Qe7 23. Qe2 Rd8 24. f3 Rxd1+ 25. Qxd1 g5 26. Bc1 Bf2 27.
f4 Bxg3 28. fxg5 hxg5 29. Qh5 f6 30. Qg4 Be5 31. Bxe6 Qc5 32. c3 a6 33. Qe4 Nc8
34. Be3 Qc7 35. Qg6 Nd6 36. Qg8+ Qb8 37. Qg6 Qe8 38. Qxe8+ Nxe8 39. Kc2 Kb8 40.
Kd3 Nd6 41. b3 Kc7 42. a4 Kc6 43. c4 Kc7 44. c5 Ne8 45. Kc4 Ng7 46. Bf7 Nf5 47.
Bd2 Ne7 48. b4 Kc6 49. b5+ axb5+ 50. axb5+ Kc7 51. Be6 Kb8 52. Ba5 Ka8 53. Bd8
Ng6 54. Bd7 Nf4 55. Bf5 Kb8 56. Be7 Kc7 57. b6+ Kb8 58. Bd6+ Ka8 59. Bd7 Ng2
60. c6 Bxd6 1-0

[Event "9th NATO Chess Championship"]
[Site "Portsmouth"]
[Date "1998.10.06"]
[Round "2"]
[White "Hortillosa, Andres"]
[Black "Engelen, Johan"]
[Result "1/2-1/2"]
[WhiteElo "1923"]
[BlackElo "1847"]
[PlyCount "28"]
[EventDate "1998.10.??"]
[EventType "swiss"]
[EventRounds "7"]
[EventCountry "ENG"]
[SourceDate "2005.09.12"]

1. d4 d5 2. Nf3 Nf6 3. Bg5 e6 4. Nbd2 Be7 5. e3 O-O 6. Bd3 Nbd7 7. O-O c5 8. c3
b6 9. Ne5 Bb7 10. f4 Ne4 11. Bxe7 Qxe7 12. Qe2 f5 13. Rf3 Nxe5 14. dxe5 d4
1/2-1/2

[Event "9th NATO Chess Championship"]
[Site "Portsmouth"]
[Date "1998.10.06"]
[Round "2"]
[White "Kesmaecker, Philippe"]
[Black "Costales, Charles"]
[Result "1-0"]
[WhiteElo "2295"]
[BlackElo "1890"]
[PlyCount "139"]
[EventDate "1998.10.??"]
[EventType "swiss"]
[EventRounds "7"]
[EventCountry "ENG"]
[SourceDate "2005.09.12"]

1. d4 d5 2. Nf3 Nf6 3. c4 e6 4. g3 c6 5. Qc2 h6 6. Bg2 Bb4+ 7. Bd2 Bd6 8. O-O
Nbd7 9. Bf4 Bxf4 10. gxf4 dxc4 11. Qxc4 Qe7 12. Nbd2 Nb6 13. Qc2 Nbd5 14. e3
Bd7 15. Rfc1 g5 16. fxg5 hxg5 17. Nxg5 Ng4 18. Ngf3 O-O-O 19. h3 Ngxe3 20. fxe3
Nxe3 21. Qe4 Nxg2 22. Kxg2 Rdg8+ 23. Kf2 Rxh3 24. Rh1 Rgh8 25. Rxh3 Rxh3 26.
Rg1 Rh8 27. a3 Be8 28. Qf4 f6 29. Ne4 Rf8 30. Nd6+ Kd8 31. Nxe8 e5 32. Qh4 Kxe8
33. Re1 Kd7 34. Re3 Qg7 35. dxe5 fxe5 36. Qe4 Kd6 37. Ke1 Re8 38. Kd2 a6 39.
Kc2 Re7 40. Nd2 b5 41. b4 Kc7 42. Nf3 Kd6 43. Rc3 Rc7 44. Rc5 Qh7 45. Qxh7 Rxh7
46. Nxe5 Rc7 47. Kd3 a5 48. Ke4 axb4 49. axb4 Rc8 50. Kd4 Rc7 51. Rc1 Rc8 52.
Rh1 Kc7 53. Kc5 Kb7 54. Rh7+ Ka6 55. Nd7 Rg8 56. Kxc6 Rc8+ 57. Kd6 Ka7 58. Nc5+
Ka8 59. Rc7 Rh8 60. Kc6 Rb8 61. Re7 Rh8 62. Kxb5 Rb8+ 63. Ka5 Rc8 64. Na4 Rh8
65. b5 Rb8 66. Nc5 Rc8 67. Ne6 Rb8 68. Nd4 Rh8 69. b6 Rc8 70. Ka6 1-0

[Event "9th NATO Chess Championship"]
[Site "Portsmouth"]
[Date "1998.10.06"]
[Round "2"]
[White "Ludden, Gert Jan"]
[Black "Tia, Rudy G"]
[Result "1-0"]
[WhiteElo "2224"]
[BlackElo "2055"]
[PlyCount "147"]
[EventDate "1998.10.??"]
[EventType "swiss"]
[EventRounds "7"]
[EventCountry "ENG"]
[SourceDate "2005.09.12"]

1. d4 g6 2. c4 Bg7 3. e4 d6 4. Nc3 Nc6 5. Nge2 e5 6. d5 Nce7 7. Ng3 Nf6 8. Be2
O-O 9. Bg5 h6 10. Be3 Nxe4 11. Ngxe4 f5 12. g4 fxe4 13. Qd2 Kh7 14. Nxe4 Nf5
15. gxf5 gxf5 16. Ng3 f4 17. Qc2+ Kh8 18. Bd2 fxg3 19. hxg3 Qf6 20. Be3 Bf5 21.
Qd2 Bh7 22. g4 Kg8 23. Rh2 Rf7 24. Bxh6 Raf8 25. Be3 Qg6 26. g5 Qe4 27. Rd1 Qf5
28. Rh4 Bg6 29. Bd3 Qxd3 30. Qxd3 Bxd3 31. Rxd3 b6 32. b4 Ra8 33. Ke2 a5 34.
Ra3 Rff8 35. b5 Kf7 36. Bd2 Rh8 37. Rah3 Rxh4 38. Rxh4 Kg6 39. Kd3 Kf5 40. f3
Rh8 41. Rxh8 Bxh8 42. a4 Bg7 43. g6 Kxg6 44. Ke4 Bf6 45. Be1 Bg5 46. c5 dxc5
47. Kxe5 Bf6+ 48. Ke4 Be7 49. f4 Bd6 50. Bc3 c4 51. Be5 Kf7 52. Kd4 Kg6 53.
Kxc4 Kf5 54. Kd4 Bc5+ 55. Kd3 Bd6 56. Bxd6 cxd6 57. Ke3 Kg6 58. Kf3 Kf5 59. Kg3
Kf6 60. Kg4 Kg6 61. f5+ Kh6 62. f6 Kg6 63. f7 Kg7 64. Kg5 Kxf7 65. Kf5 Ke7 66.
Kg6 Ke8 67. Kf6 Kd7 68. Kf7 Kd8 69. Ke6 Kc7 70. Ke7 Kc8 71. Kxd6 Kd8 72. Kc6
Kc8 73. d6 Kd8 74. d7 1-0

[Event "9th NATO Chess Championship"]
[Site "Portsmouth"]
[Date "1998.10.06"]
[Round "2"]
[White "Maxia, Giuseppe"]
[Black "Vercauteren, Daniel"]
[Result "1-0"]
[WhiteElo "1900"]
[BlackElo "1690"]
[PlyCount "43"]
[EventDate "1998.10.??"]
[EventType "swiss"]
[EventRounds "7"]
[EventCountry "ENG"]
[SourceDate "2005.09.12"]

1. e4 c5 2. Nf3 d6 3. c3 Nc6 4. d4 cxd4 5. cxd4 Bg4 6. d5 Bxf3 7. Qxf3 Ne5 8.
Bb5+ Nd7 9. O-O a6 10. Bxd7+ Qxd7 11. b3 Nf6 12. Bb2 Qg4 13. Qxg4 Nxg4 14. f3
Ne3 15. Rc1 Rg8 16. Kf2 g6 17. Kxe3 Bh6+ 18. f4 g5 19. Rc7 Rb8 20. Nd2 f6 21.
Rac1 Kf7 22. Nc4 1-0

[Event "9th NATO Chess Championship"]
[Site "Portsmouth"]
[Date "1998.10.06"]
[Round "2"]
[White "McInnes, Neil"]
[Black "Messina"]
[Result "0-1"]
[WhiteElo "1887"]
[BlackElo "2090"]
[PlyCount "48"]
[EventDate "1998.10.??"]
[EventType "swiss"]
[EventRounds "7"]
[EventCountry "ENG"]
[SourceDate "2005.09.12"]

1. d4 Nf6 2. Nf3 c5 3. dxc5 e6 4. g3 Bxc5 5. Bg2 d5 6. O-O Nc6 7. c3 O-O 8.
Nbd2 a5 9. a4 e5 10. Nb3 Bb6 11. Bg5 Be6 12. e4 dxe4 13. Nfd2 h6 14. Bxf6 Qxf6
15. Nxe4 Qe7 16. Ned2 f5 17. Qe2 e4 18. Nc4 Ba7 19. Nbd2 Rfd8 20. Rfe1 Qc5 21.
Ne3 Ne5 22. Qb5 Qxb5 23. axb5 Rxd2 24. Rab1 Nc4 0-1

[Event "9th NATO Chess Championship"]
[Site "Portsmouth"]
[Date "1998.10.06"]
[Round "2"]
[White "Molin, Fabio"]
[Black "Parnet, Arnaud"]
[Result "1/2-1/2"]
[WhiteElo "1800"]
[BlackElo "1990"]
[PlyCount "85"]
[EventDate "1998.10.??"]
[EventType "swiss"]
[EventRounds "7"]
[EventCountry "ENG"]
[SourceDate "2005.09.12"]

1. e4 c6 2. d4 d5 3. exd5 cxd5 4. Bd3 Nf6 5. Bf4 Nc6 6. c3 Bg4 7. Qc2 g6 8. h3
Bd7 9. Nf3 Bg7 10. Nbd2 Rc8 11. a3 O-O 12. Nb3 Nh5 13. Bh2 Qb6 14. g4 Nf6 15.
Nc5 Rfd8 16. Na4 Nxd4 17. Nxd4 Bxa4 18. Qxa4 Qxb2 19. O-O Qxc3 20. Rfd1 Ne4 21.
Bf1 Qb2 22. Ne2 Nd2 23. Qa5 Nf3+ 24. Kg2 Nxh2 25. Kxh2 Qe5+ 26. Kg1 h5 27. Rac1
e6 28. Qxa7 hxg4 29. hxg4 Qe4 30. Qxb7 Qxg4+ 31. Ng3 Rxc1 32. Rxc1 Bd4 33. Kg2
Bxf2 34. Qc7 Qxg3+ 35. Qxg3 Bxg3 36. Kxg3 Ra8 37. Rc3 Kf8 38. Bb5 Ke7 39. Kf4
f6 40. Rc7+ Kd6 41. Rc6+ Ke7 42. Rc7+ Kd6 43. Rc6+ 1/2-1/2

[Event "9th NATO Chess Championship"]
[Site "Portsmouth"]
[Date "1998.10.06"]
[Round "2"]
[White "Nielsen, Finn"]
[Black "Van Diermen, Henk"]
[Result "1-0"]
[WhiteElo "1931"]
[BlackElo "1760"]
[PlyCount "89"]
[EventDate "1998.10.??"]
[EventType "swiss"]
[EventRounds "7"]
[EventCountry "ENG"]
[SourceDate "2005.09.12"]

1. d4 d5 2. Nf3 Nf6 3. c4 c6 4. Nc3 e6 5. Bg5 dxc4 6. e4 b5 7. a4 Qb6 8. Bxf6
gxf6 9. Be2 Bb7 10. O-O Bb4 11. Na2 Be7 12. Nc3 Bb4 13. Na2 Be7 14. Qc2 Nd7 15.
Rfd1 a6 16. Nc3 O-O-O 17. b3 cxb3 18. Qxb3 Kb8 19. Rab1 Rc8 20. d5 cxd5 21.
axb5 a5 22. Na4 Qc7 23. Nd4 Bb4 24. Nc6+ Bxc6 25. bxc6 Qxc6 26. exd5 Qc2 27.
dxe6 Qxb3 28. Rxb3 Ne5 29. f4 Ng6 30. f5 Ne5 31. Bh5 Rc7 32. Nb6 Bc5+ 33. Kf1
Bxb6 34. Rxb6+ Kc8 35. Be2 Nc4 36. Bxc4 Rxc4 37. Ra6 Kb7 38. Rxa5 fxe6 39. fxe6
Rf4+ 40. Kg1 Re4 41. Rb1+ Kc6 42. Ra6+ Kc7 43. Rbb6 Re8 44. Kf2 Kd8 45. Rb8+
1-0

[Event "9th NATO Chess Championship"]
[Site "Portsmouth"]
[Date "1998.10.06"]
[Round "2"]
[White "Nielsen, Henrik"]
[Black "Dunlop, Chris"]
[Result "0-1"]
[WhiteElo "2095"]
[BlackElo "1952"]
[PlyCount "70"]
[EventDate "1998.10.??"]
[EventType "swiss"]
[EventRounds "7"]
[EventCountry "ENG"]
[SourceDate "2005.09.12"]

1. d4 c5 2. Nf3 cxd4 3. Nxd4 d5 4. g3 Nf6 5. Bg2 e6 6. O-O Be7 7. b3 O-O 8. Bb2
Nc6 9. Nd2 Qb6 10. e3 Rd8 11. c4 Bd7 12. Qe2 Rac8 13. Rfc1 Na5 14. cxd5 Nxd5
15. Ne4 e5 16. Nf3 Bb5 17. Qe1 f6 18. Rxc8 Rxc8 19. Rc1 Rd8 20. Bc3 Nc6 21. Nh4
Ndb4 22. Rd1 Nd3 23. Qf1 Nf4 24. Rxd8+ Nxd8 25. Qe1 Nxg2 26. Kxg2 Qc6 27. f3
Bd3 28. Nf5 Bf8 29. Qd2 Bxe4 30. fxe4 Qxe4+ 31. Kf2 Qxf5+ 32. Kg1 Qb1+ 33. Kg2
Qe4+ 34. Kg1 Nf7 35. a4 Ng5 0-1

[Event "9th NATO Chess Championship"]
[Site "Portsmouth"]
[Date "1998.10.06"]
[Round "2"]
[White "Nielsen, Jan Mose"]
[Black "Wantiez, Fabrice"]
[Result "0-1"]
[WhiteElo "2065"]
[BlackElo "2299"]
[PlyCount "66"]
[EventDate "1998.10.??"]
[EventType "swiss"]
[EventRounds "7"]
[EventCountry "ENG"]
[SourceDate "2005.09.12"]

1. d4 Nf6 2. c4 g6 3. Nc3 d5 4. Nf3 Bg7 5. Bf4 O-O 6. Rc1 c5 7. dxc5 Na6 8. e3
Qa5 9. Qa4 Qxc5 10. cxd5 Nxd5 11. Bxa6 Nxc3 12. Qc4 Qa5 13. bxc3 bxa6 14. O-O
e5 15. Bg3 Rb8 16. Nd4 Bd7 17. Nc6 Qb5 18. Qxb5 Rxb5 19. Ne7+ Kh8 20. Rfd1 Be6
21. Nc6 Rc5 22. Rd6 Bxa2 23. Nxa7 a5 24. Rc6 Rxc6 25. Nxc6 a4 26. Nxe5 Bb3 27.
Nc6 a3 28. Bd6 Ra8 29. Nd4 Bc4 30. Bb4 a2 31. Nc2 Bd3 32. Na1 Rb8 33. Rd1 Bc4
0-1

[Event "9th NATO Chess Championship"]
[Site "Portsmouth"]
[Date "1998.10.06"]
[Round "2"]
[White "Nielsen, Niels Kristian"]
[Black "Falbo, Sandro"]
[Result "1/2-1/2"]
[WhiteElo "1899"]
[BlackElo "2100"]
[PlyCount "67"]
[EventDate "1998.10.??"]
[EventType "swiss"]
[EventRounds "7"]
[EventCountry "ENG"]
[SourceDate "2005.09.12"]

1. d4 Nf6 2. c4 g6 3. Nc3 Bg7 4. Nf3 d6 5. g3 O-O 6. Bg2 Nc6 7. d5 Na5 8. Qd3
c5 9. O-O e6 10. e4 exd5 11. cxd5 Re8 12. Bf4 a6 13. a4 Nh5 14. Be3 Rb8 15.
Rab1 c4 16. Qc2 Nb3 17. Nd2 Nxd2 18. Qxd2 b5 19. axb5 axb5 20. Ne2 Nf6 21. f3
Bd7 22. b3 cxb3 23. Rxb3 Qc8 24. Rfb1 Qa6 25. Bf1 Rb7 26. Nd4 Reb8 27. Qd3 Ne8
28. Ra3 Qb6 29. Nc6 Qc7 30. Nxb8 Rxb8 31. Ra7 Qd8 32. Bd4 Nf6 33. Qa3 Nxe4 34.
Be3 1/2-1/2

[Event "9th NATO Chess Championship"]
[Site "Portsmouth"]
[Date "1998.10.06"]
[Round "2"]
[White "Plumanns, Dieter"]
[Black "McAleer, Jeffrey"]
[Result "1-0"]
[WhiteElo "2206"]
[BlackElo "1900"]
[PlyCount "103"]
[EventDate "1998.10.??"]
[EventType "swiss"]
[EventRounds "7"]
[EventCountry "ENG"]
[SourceDate "2005.09.12"]

1. d4 Nf6 2. Nf3 g6 3. c4 Bg7 4. Nc3 O-O 5. e4 d6 6. Be2 Nbd7 7. Nd2 e5 8. d5
a5 9. O-O Ne8 10. Rb1 Nc5 11. b4 axb4 12. Rxb4 f5 13. Nb3 Nxe4 14. Nxe4 fxe4
15. Qc2 Nf6 16. c5 Kh8 17. Bg5 Qe8 18. Bxf6 Rxf6 19. cxd6 cxd6 20. Nd2 Bf5 21.
Rxb7 e3 22. Qc7 exf2+ 23. Rxf2 Qf8 24. Nc4 Rc8 25. Qb6 h5 26. a4 Be4 27. Rxf6
Qxf6 28. Rb8 Rxb8 29. Qxb8+ Kh7 30. Qb5 Qg5 31. Bf1 h4 32. h3 Bf5 33. Qb3 e4
34. Nxd6 e3 35. Nxf5 gxf5 36. Qb8 Bd4 37. Be2 Qg3 38. Qxg3 hxg3 39. Kf1 Kg7 40.
Bc4 Bb6 41. Ke2 Kf6 42. Kf3 Ke5 43. h4 Kd4 44. Bb3 f4 45. Bd1 Bc7 46. h5 Kxd5
47. h6 Be5 48. a5 Kc6 49. a6 Kb6 50. Be2 Ka7 51. h7 Kb6 52. Ke4 1-0